| 000 | 02074nam0a2200421 4500 | ||
|---|---|---|---|
| 001 | RU\NLR\bibl\1526718 | ||
| 005 | 20260406210350.0 | ||
| 010 |
_a978-5-98573-055-5 _9200 |
||
| 021 |
_aRU _b2010-38307 _92563 |
||
| 035 | _a(nilc)RSL-KNO-004649336 | ||
| 035 | _aLIBNET\0000009050 | ||
| 035 | _a(NLR Aleph) 001518063 | ||
| 090 |
_a122746 _c122746 |
||
| 100 | _a20100524d2009 |||y0rusy50 ca | ||
| 101 | 0 | _arus | |
| 102 | _aRU | ||
| 105 | _aa ||||||||| | ||
| 200 | 1 |
_aЕвгений Анатольевич Памфилов _eтворческий образ инженера, ученого и общественного деятеля _fБрянская гос. инженерно-технологическая академия _g[сост.: Е. С. Александрова, Г. А. Пилюшина] |
|
| 210 |
_aБрянск _cБрянская гос. инженерно-технологическая академия _d2009 |
||
| 215 |
_a60 с. _cил., портр., цв. ил., портр. _d20 |
||
| 225 | 1 | _aУченые академии | |
| 320 | _aБиблиогр.: с. 24-51 | ||
| 600 | 1 |
_aПамфилов _bЕ.А. _f1941 _gЕвгений Анатольевич _92625973 _3RU\NLR\auth\661562533 |
|
| 686 |
_aК1д(2)Памфилов Е.А.,0 _2rubbk |
||
| 686 |
_aМ130.5-5д(2)Памфилов Е.А.,0 _2rubbk |
||
| 686 |
_a91.9:34.4 _vLBC/RL _2rubbk |
||
| 686 |
_a34.4я1 _vLBC/RL _2rubbk |
||
| 686 | _aК5д(2)Памфилов | ||
| 702 | 1 |
_aПамфилов _bЕ. А. _gЕвгений Анатольевич _4570 |
|
| 702 | 1 |
_4220 _8rus _7ca _aАлександрова _bЕ. С. _cсоставитель биогр. очерка _3RU\NLR\AUTH\77103618 _986543 |
|
| 712 | 0 | 2 |
_4570 _aБрянская государственная инженерно-технологическая академия _3RU\NLR\AUTH\889967196 _9430728 |
| 801 | 0 |
_aRU _bРГБ _c20100524 _grcr |
|
| 801 | 1 |
_aRU _bРГБ _c20100524 |
|
| 801 | 2 |
_aRU _bБрянская ОНУБ _c20100216 _2rusmarc |
|
| 801 | 2 |
_aRU _bNLR _c20100623 _grcr |
|
| 942 | _cBOOK | ||
| 980 | _aNB | ||